| 000 | 02058nam0a2200361 4500 | ||
|---|---|---|---|
| 001 | RU\NLR\bibl\837231 | ||
| 005 | 20250614143910.0 | ||
| 010 |
_a5-94542-154-5 _93000 |
||
| 035 | _a(NLR Aleph) 000826068 | ||
| 090 |
_a1331321 _c1331321 |
||
| 100 | _a20050906d2005 |||y0rusy50 ca | ||
| 101 | 0 | _arus | |
| 102 | _aRU | ||
| 105 | _aa ||||||||| | ||
| 200 | 1 |
_aОчерки по иммунокоррекции в дерматовенерологии _eпособие для врачей _fВ.П. Федотов, С.Б. Рыбалкин, М.Г. Романцов _gС.-Петерб. гос. мед. акад. им. И.И. Мечникова [и др.] |
|
| 210 |
_aСанкт-Петербург _c[б.и.] _d2005 |
||
| 215 |
_a78 с. _cил. _d20 |
||
| 300 | _aНа обороте тит. л. авт.: В.П. Федотов, д.м.н., проф., М.Г. Романцов, д.м.н., проф., С.Б. Рыбалкин, к.м.н. | ||
| 300 | _aНа обороте тит. л. коллектив авт.: В.П. Федотов, М.Г. Романцов, С.Б. Рыбалкин, А.Н. Баринова, И.М. Нестеров [и др.] | ||
| 300 | _aВ надзаг. также: Днепропетр. гос. мед. акад., Пенз. гос. ин-т усоверш. врачей, Мед. ин-т Пенз. гос. ун-та | ||
| 320 | _aБиблиогр.: с. 77-78 (18 назв.) | ||
| 606 | 1 |
_aДерматозы _jРуководства, пособия и т.п. _xТерапия иммуномодуляторами _9943024 _3RU\NLR\auth\66349256 |
|
| 606 | 1 |
_aВенерические болезни _jРуководства, пособия и т.п. _xТерапия иммуномодуляторами _92390418 _3RU\NLR\auth\661425577 |
|
| 686 | _aР60-52я77 | ||
| 686 | _aР59-52я77 | ||
| 700 | 1 |
_aФедотов _bВ. П. _4070 |
|
| 701 | 1 |
_aРыбалкин _bС. Б. _4070 |
|
| 701 | 1 |
_aРоманцов _bМ. Г. _4070 |
|
| 801 | 0 |
_aRU _bNLR _c20050906 _grcr |
|
| 801 | 1 |
_aRU _bNLR _c20050906 |
|
| 942 | _cBOOK | ||
| 980 | _aNB | ||